| 000 | 00330nam a2200121Ia 4500 | ||
|---|---|---|---|
| 008 | 190216s9999||||xx |||||||||||||| ||und|| | ||
| 100 | _aSatya Prasad B G 
 Satish Bhat
 Udaya Chandra | ||
| 245 | 0 | _aIndustrial Finance | |
| 260 |
_bHimalaya Publishing House _c2000 |
||
| 300 | _a448 p | ||
| 650 | _aEconomics | ||
| 942 | _cBK | ||
| 999 |
_c10665 _d10665 |
||